All sonic dreamcast games - Statistics

General Stats
  • This quiz has been taken 19 times
  • The average score is 3 of 6
Answer Stats
Answer % Correct
Sonic adventure
100%
Sonic adventure 2
100%
Sonic shuffle
89%
Chao adventure
11%
Chao adventure 2
11%
Sega smash pack volume 1
11%
No matching quizzes found
Score Distribution
Percent of People with Each Score
Percentile by Number Answered
Your Score History
You have not taken this quiz